000 00401nam a2200145Ia 4500
008 240729s9999 xx 000 0 und d
022 _a2639-5274
245 0 _aResearch
260 _aUnited States
260 _bAmerican Association for the Advancement of Science (AAAS)
650 _aScience
856 _uhttps://doaj.org/toc/144448c6c1cf444bb1a83e59f405c7a7
942 _2ddc
942 _cDOAJEJ
999 _c67994
_d67994
945 _a1
_bMadushi Gamage
_c1
_dMadushi Gamage